Fútbol, mass media y nación en Costa Rica /
El fútbol en cada país cobra determinadas características según la idiosincracia de cada pueblo. Un acercamiento cognitivo a la especificidad del carácter comunitario de una sociedad, exige saber como ésta reproduce y expresa sus concepciones de si misma y de su relación con el mundo. La revista con...
Bewaard in:
| Hoofdauteur: | |
|---|---|
| Formaat: | Texto |
| Onderwerpen: | |
| Tags: |
Voeg label toe
Geen labels, Wees de eerste die dit record labelt!
|
MARC
| LEADER | 00000 a a2200000 04500 | ||
|---|---|---|---|
| 001 | 4264 | ||
| 003 | |||
| 040 | |||
| 090 | |a REV0229 (91) 1996 | ||
| 100 | |a Villena Fiego, Sergio | ||
| 245 | |a Fútbol, mass media y nación en Costa Rica / |c Sergio Villena Fiego | ||
| 520 | |a El fútbol en cada país cobra determinadas características según la idiosincracia de cada pueblo. Un acercamiento cognitivo a la especificidad del carácter comunitario de una sociedad, exige saber como ésta reproduce y expresa sus concepciones de si misma y de su relación con el mundo. La revista contiene 3 artículos: " Fútbol, mass media y nación en Costa Rica", "La estrategia de la araña", "Fútbol y cultura nacional". Según el autor del primer artículo (Villena), las sociedades se exteriorizan a través de discursos donde se plasman las representaciones de sí mismas. A su entender, en el fútbol es uno de los ámbitos donde se reflejan más nitidamente las ansias, las pasiones y temores, reflexiona entonces sobre estos aspectos de la identidad nacional. RV//jmml | ||
| 650 | |a CULTURA | ||
| 650 | |a CULTURA POPULAR | ||
| 650 | |a FACTORES CULTURALES | ||
| 650 | |a IDENTIDAD CULTURAL | ||
| 650 | |a OCIO | ||
| 650 | |a DEPORTES | ||
| 773 | |g número 91; páginas 9-20 | ||
| 999 | |c 27888 |d 27888 | ||
